Losowe tablice rejestracyjne cz.2 - Statystyki

Ogólne statystyki
  • Ten quiz został rozwiązany 60 razy
  • Średni wynik to 11 z 20
Statystyki odpowiedzi
Tablica rejestracyjna Powiat / Miasto % Poprawnych
GA Gdynia
79%
RKR Krośnieński
79%
ONY Nyski
78%
ST Tychy
76%
TSA Sandomierski
74%
SH Chorzów
71%
EKU Kutnowski
71%
WPL Płocki
69%
PZL Złotowski
59%
LBL Biłgorajski
55%
ZGR Gryfiński
52%
NSZ Szczycieński
52%
KCH Chrzanowski
50%
EPJ Pajęczański
48%
FNW Nowosolski
47%
PWL Wolsztyński
45%
DBA Wałbrzyski
38%
BWM Wysokomazowiecki
38%
SBL Bieruńsko-Lędziński
34%
CRA Radziejowski
33%
Nie znaleziono quizów pasujących do podanych kryteriów
Rozkład punktacji
Procent ludzi z każdym wynikiem
Percentyl według liczby udzielonych odpowiedzi
Twoja historia wyników
Nie rozwiązałeś tego quizu